Normal view
MARC view
- DE-ELECT-39
Entry Topical Term
001 - CONTROL NUMBER
- control field: 86272
003 - CONTROL NUMBER IDENTIFIER
- control field: NUST
005 - DATE AND TIME OF LATEST TRANSACTION
- control field: 20211209133327.0
008 - FIXED-LENGTH DATA ELEMENTS
- fixed length control field: 211209|| aca||aabn | a|a d
040 ## - CATALOGING SOURCE
- Original cataloging agency: NUST
- Transcribing agency: NUST
150 ## - HEADING--TOPICAL TERM
- Topical term or geographic name entry element: DE-ELECT-39
670 ## - SOURCE DATA FOUND
- Source citation: Work cat.: (NUST): Abdul Basit Ahmed Rehan Hashmi Muhammad Waleed Faisal 86270, PR-SOF-2088-DC Variable Power Supply, 2021.
